Statistics for Пътешествие през столиците в Азия

Click here to take the quiz!

General Stats

  • This quiz has been taken 7 times
  • The average score is 15 of 47

Answer Stats

Capital City% Correct
Баку
100%
Ереван
100%
Техеран
80%
Ашхабад
60%
Душанбе
60%
Ташкент
60%
Бишкек
60%
Астана
60%
Дака
40%
Ханой
40%
Нейпидау
40%
Виентян
40%
Тхимпху
40%
Кабул
40%
Делхи
40%
Исламабад
40%
Катманду
40%
Абу Даби
20%
Доха
20%
Манама
20%
Рияд
20%
Кувейт
20%
Багдад
20%
Бейрут
20%
Дамаск
20%
Аман
20%
Ерусалим
20%
Никозия
20%
Анкара
20%
Мале
20%
Маскат
20%
Манила
20%
Коломбо
20%
Дили
20%
Токио
20%
Улан Батор
20%
Пекин
20%
Пхенян
20%
Сеул
20%
Тайпе
20%
Джакарта
20%
Сингапур
20%
Куала Лумпур
20%
Пном Пен
20%
Банкок
20%
Сана
20%
Бандар Сери
Бегаван
20%

Score Distribution

Percentile by Number Answered

Percent of People with Each Score

Your Score History

You have not taken this quiz